000 00219nam a22001217a 4500
040 _cSY
082 _a363
100 _aWILLAM P
245 _aEnvironmental
260 _aRUA
_bWIL
_c1997
300 _a650p.
942 _cEK
999 _c9530
_d9530